5HLuxD.jpg

KING HENRY VIII SENIOR AND PRIMARY SCHOOL LIBRARY OPAC

The Bad Beginning / (Record no. 3749)

000 -LEADER
fixed length control field 03724cam a2200517 i 4500
001 - CONTROL NUMBER
control field 1021065477805721
003 - CONTROL NUMBER IDENTIFIER
control field OSt
005 - DATE AND TIME OF LATEST TRANSACTION
control field 20241015104423.0
008 - FIXED-LENGTH DATA ELEMENTS--GENERAL INFORMATION
fixed length control field 0309s1999 nyua c 000 1 eng
010 ## - LIBRARY OF CONGRESS CONTROL NUMBER
LC control number 99014750
020 ## - INTERNATIONAL STANDARD BOOK NUMBER
International Standard Book Number 9780062796028
020 ## - INTERNATIONAL STANDARD BOOK NUMBER
International Standard Book Number 006279602X
035 ## - SYSTEM CONTROL NUMBER
System control number (OCoLC)41070636
Canceled/invalid control number (OCoLC)42424872
-- (OCoLC)44459895
-- (OCoLC)704531832
-- (OCoLC)731459230
-- (OCoLC)732724796
-- (OCoLC)732897186
-- (OCoLC)1022704796
035 ## - SYSTEM CONTROL NUMBER
System control number (OCoLC)ocm41070636
040 ## - CATALOGING SOURCE
Original cataloging agency DLC
Language of cataloging eng
Description conventions rda
Transcribing agency DLC
Modifying agency XY4
-- XFF
-- BAKER
-- CBC
-- XY4
-- BTCTA
-- YDXCP
-- LVB
-- NLGGC
-- OQP
-- EDK
-- TXBXL
-- VDN
-- FTL
-- ORX
-- OCLCO
-- OCLCQ
-- AUMCS
-- BDX
-- IEB
-- OCLCF
-- ATMAZ
-- OCLCQ
-- ATMAZ
-- OCLCO
-- OCL
-- OCLCO
-- ALAUL
-- OCLCO
-- HLS
-- OCLCO
-- OCL
-- OCLCO
-- OCLCQ
-- MQ9
-- LTP
-- OCL
-- OCLCO
-- PAU
-- TC@
-- CRNJL
-- IUK
-- TXCLY
-- NZALP
-- SHM
-- OQX
-- OCLCO
-- Y38
-- YDX
-- OCLCQ
-- NVQ
-- P@N
-- CPCBT
-- WYZ
-- SFR
-- CHILD
-- TY7
-- GRC
-- AZZPT
-- NX0
-- OW4
-- IAD
-- CSO
-- KSU
-- WHCCD
-- HCO
-- NZHWP
-- FWR
-- T7X
-- TZ7
-- BOS
-- TXJDC
-- LKC
-- OCLCO
-- CPO
-- OCLCO
-- LMJ
-- TL4
-- OCLCO
-- XXWGB
-- OCLCO
-- IDWBL
-- OCLCO
-- ZGR
-- NZAUC
-- YFZ
-- OCLCO
-- JX9
-- OCLCO
-- NJT
-- TX6
-- BYV
-- TXUPP
-- OCLCO
-- M$I
-- OCLCQ
-- OCLCO
-- OCL
-- NYP
-- CNCLB
-- CEG
-- KH8
042 ## - AUTHENTICATION CODE
Authentication code nbic
082 ## - DEWEY DECIMAL CLASSIFICATION NUMBER
Classification number FIC SNI
100 1# - MAIN ENTRY--PERSONAL NAME
Personal name Snicket, Lemony,
Relator term author.
245 14 - TITLE STATEMENT
Title The Bad Beginning /
Statement of responsibility, etc. by Lemony Snicket ; illustrations by Brett Helquist.
250 ## - EDITION STATEMENT
Edition statement First edition.
264 #1 - PRODUCTION, PUBLICATION, DISTRIBUTION, MANUFACTURE, AND COPYRIGHT NOTICE
Place of production, publication, distribution, manufacture New York :
Name of producer, publisher, distributor, manufacturer HarperCollins Publishers,
Date of production, publication, distribution, manufacture, or copyright notice 1999.
300 ## - PHYSICAL DESCRIPTION
Extent 162 pages :
Other physical details illustrations ;
Dimensions 19 cm.
336 ## - CONTENT TYPE
Content type term text
Content type code txt
Source rdacontent.
337 ## - MEDIA TYPE
Media type term unmediated
Media type code n
Source rdamedia.
338 ## - CARRIER TYPE
Carrier type term volume
Carrier type code nc
Source rdacarrier.
490 1# - SERIES STATEMENT
Series statement A series of unfortunate events ;
Volume/sequential designation bk. 1.
505 10 - FORMATTED CONTENTS NOTE
Title The cornucopian cavalcade : a serial supplement to A series of unfortunage events /
Statement of responsibility Lemony Snicket
Miscellaneous information (Volume XIII. Number 1.) --
Title "Q" : a psychic pstory of the psupernatural, part 1 /
Statement of responsibility Stephen Leacock --
Title The spoily brats /
Statement of responsibility Michael Kupperman --
Title What shall I do Lemony Snicket? --
-- The paper magiican /
Statement of responsibility Morley Adams.
520 ## - SUMMARY, ETC.
Summary, etc. After the sudden death of their parents, the three Baudelaire children must depend on each other and their wits when it turns out that the distant relative who is appointed their guardian is determined to use any means necessary to get their fortune. Violet, Klaus, and Sunny Baudelaire are intelligent children. They are charming, and resourceful, and have pleasant facial features. Unfortunately, they are exceptionally unlucky. Imagine tales so terrible that as many as fifty million innocents have been ruined by them-tales so indelibly horrid that the New York Times bestseller list has been unable to rid itself of them for seven years. Now imagine if this scourge suddenly became available in a shameful new edition so sensational, so irresistible, so riddled with lurid new pictures that even a common urchin would wish for it. Who among us would be safe? -- Publisher description.
586 8# - AWARDS NOTE
Awards note Book Sense Book of the Year Award Nominee, 2001.
586 8# - AWARDS NOTE
Awards note Flicker Tale Children's Book Award Nominee, 2003.
650 #0 - SUBJECT ADDED ENTRY--TOPICAL TERM
Topical term or geographic name entry element Orphans
Form subdivision Juvenile fiction.
650 #0 - SUBJECT ADDED ENTRY--TOPICAL TERM
Topical term or geographic name entry element Brothers and sisters
Form subdivision Juvenile fiction.
650 #0 - SUBJECT ADDED ENTRY--TOPICAL TERM
Topical term or geographic name entry element Humorous stories, English.
650 #0 - SUBJECT ADDED ENTRY--TOPICAL TERM
Topical term or geographic name entry element Orphans
Form subdivision Fiction.
650 #0 - SUBJECT ADDED ENTRY--TOPICAL TERM
Topical term or geographic name entry element Brothers and sisters
Form subdivision Fiction.
650 #0 - SUBJECT ADDED ENTRY--TOPICAL TERM
Topical term or geographic name entry element Humorous stories.
650 #7 - SUBJECT ADDED ENTRY--TOPICAL TERM
Topical term or geographic name entry element Humorous stories
Source of heading or term fast
Authority record control number or standard number (OCoLC)fst00963818.
650 #7 - SUBJECT ADDED ENTRY--TOPICAL TERM
Topical term or geographic name entry element Brothers and sisters.
Source of heading or term fast
Authority record control number or standard number (OCoLC)fst00839671.
650 #7 - SUBJECT ADDED ENTRY--TOPICAL TERM
Topical term or geographic name entry element Humorous stories, English.
Source of heading or term fast
Authority record control number or standard number (OCoLC)fst00963836.
650 #7 - SUBJECT ADDED ENTRY--TOPICAL TERM
Topical term or geographic name entry element Orphans.
Source of heading or term fast
Authority record control number or standard number (OCoLC)fst01048433.
655 #7 - INDEX TERM--GENRE/FORM
Genre/form data or focus term Fiction.
Source of term fast
Authority record control number or standard number (OCoLC)fst01423787.
655 #7 - INDEX TERM--GENRE/FORM
Genre/form data or focus term Juvenile works.
Source of term fast
Authority record control number or standard number (OCoLC)fst01411637.
700 1# - ADDED ENTRY--PERSONAL NAME
Personal name Helquist, Brett,
Relator term illustrator.
800 1# - SERIES ADDED ENTRY--PERSONAL NAME
Personal name Snicket, Lemony.
Title of a work Series of unfortunate events ;
Volume/sequential designation bk. 1.
942 ## - ADDED ENTRY ELEMENTS (KOHA)
Source of classification or shelving scheme
Koha item type Books - Fiction
Holdings
Withdrawn status Lost status Source of classification or shelving scheme Damaged status Not for loan Collection code Permanent Location Current Location Shelving location Date acquired Total Checkouts Full call number Barcode Date due Date last seen Date last checked out Price effective from Koha item type
          Fiction KH8 Senior School Library KH8 Senior School Library Fiction 2024-10-15 2 FIC SNI 3KHSL000102092 2025-04-04 2025-03-19 2025-03-19 2024-10-15 Books - Fiction

Powered By KH8 IT Dept